Epidemiology and Management of White Rust of Rapeseed and Mustrard caused by Albugo candida (Pers. ex Lev.) Kuntze (Record no. 50060)

MARC details
000 -LEADER
fixed length control field 00503nam a22001697a 4500
003 - CONTROL NUMBER IDENTIFIER
control field OSt
008 - FIXED-LENGTH DATA ELEMENTS--GENERAL INFORMATION
fixed length control field 260416b |||||||| |||| 00| 0 eng d
082 ## - DEWEY DECIMAL CLASSIFICATION NUMBER
Classification number 581.2326
Item number R95E
100 ## - MAIN ENTRY--PERSONAL NAME
Personal name Roy, Jitendra Kumar
245 ## - TITLE STATEMENT
Title Epidemiology and Management of White Rust of Rapeseed and Mustrard caused by Albugo candida (Pers. ex Lev.) Kuntze
260 ## - PUBLICATION, DISTRIBUTION, ETC. (IMPRINT)
Place of publication, distribution, etc Pusa, Samastiapur
Name of publisher, distributor, etc RAU, Samastipur
Date of publication, distribution, etc 2007
300 ## - PHYSICAL DESCRIPTION
Extent 41P.
502 ## - DISSERTATION NOTE
Degree type Msc.
Year degree granted 2007
650 ## - SUBJECT ADDED ENTRY--TOPICAL TERM
Topical term or geographic name as entry element Plant Pathology
650 ## - SUBJECT ADDED ENTRY--TOPICAL TERM
Topical term or geographic name as entry element Msc.
942 ## - ADDED ENTRY ELEMENTS (KOHA)
Source of classification or shelving scheme
Koha item type Thesis
Holdings
Withdrawn status Lost status Source of classification or shelving scheme Damaged status Not for loan Home library Current library Date acquired Total Checkouts Full call number Barcode Date last seen Bill Date Koha item type
          Dr. Rajendra Prasad Central Agricultural University Pusa, Dr. Rajendra Prasad Central Agricultural University Pusa, 16/04/2026   581.2326 R95E 55494 16/04/2026 16/04/2026 Thesis
Hosted, Implemented, Customized & Maintained by: BestBookBuddies

Powered by Koha